000 00647nam a2200217 4500
003 OSt
005 20240731063338.0
006 a
008 240731b |||||||| |||| 00| 0 eng d
020 _a0324015410
040 _aDWCL-Main lib.
_cOC
082 _aCirc. 658.45 G152s 2006
100 _aGale, Steven
245 _aStrategies for managerial writing /
260 _aAustralia :
_bThomson/South-Western,
_cc2006.
300 _axix,
_b388 p. : ill. ;
_c28 cm.
504 _aIncludes bibliographical references & index.
650 _a1. Business writing.
650 _a2. Communication in management.
942 _2ddc
_n0
_cBK-CIRC
_kCirc.
999 _c3043
_d3043